LIBRARY & INFORMATION CENTRE, KCAET, TAVANUR

ONLINE PUBLIC ACCESS CATALOGUE (OPAC)

Environmental geology / (Record no. 7135)

MARC details
000 -LEADER
fixed length control field 00456cam a2200181ua 4500
020 ## - INTERNATIONAL STANDARD BOOK NUMBER
ISBN 0-697-04386-X
041 ## - LANGUAGE CODE
Language code of text/sound track or separate title eng
082 ## - DEWEY DECIMAL CLASSIFICATION NUMBER
Classification number 551.2
Item number MON/EN
100 ## - MAIN ENTRY--AUTHOR NAME
Personal name Montgomery, Casla W .
245 ## - TITLE STATEMENT
Title Environmental geology /
250 ## - EDITION STATEMENT
Edition statement 2 /
260 ## - PUBLICATION, DISTRIBUTION, ETC. (IMPRINT)
Place of publication :
Name of publisher W M C Brown publishers ,
Year of publication 1989.
300 ## - PHYSICAL DESCRIPTION
Number of Pages 476 ; .
942 ## - ADDED ENTRY ELEMENTS (KOHA)
Koha item type Books
Holdings
Withdrawn status Lost status Damaged status Home library Current library Date acquired Full call number Accession Number Koha item type
      KAUAET KAUAET 07/04/2012 551.2 MON/EN 17662 Books
free website counter